[Event "Forchheim op-B 14th"]
[Site "Forchheim"]
[Date "2015.10.03"]
[Round "2"]
[White "Goetzel, Alfred"]
[Black "Lohvinov, Petro"]
[Result "1/2-1/2"]
[WhiteElo "1950"]
[BlackElo "1643"]
[PlyCount "109"]
[EventDate "2015.10.02"]
[EventType "swiss"]
[EventRounds "5"]
[EventCountry "GER"]
[SourceTitle "EXT 2019"]
[Source "ChessBase"]
[SourceDate "2018.10.10"]
[SourceVersion "1"]
[SourceVersionDate "2018.10.10"]
[SourceQuality "1"]

1. Nf3 Nc6 2. e4 e5 3. Bb5 a6 4. Ba4 d6 5. 0-0 Bd7 6. c3 g6 7. d4 Bg7 8. Re1 h6 9. h3 Nge7 10. Bc2 0-0 11. d5 Nb8 12. c4 f5 13. Nc3 f4 14. b4 g5 15. Nh2 Ng6 16. c5 Nh4 17. g3 fxg3 18. fxg3 Ng6 19. Qh5 Qe8 20. Be3 Nf4 21. Qxe8 Nxh3+ 22. Kg2 Rxe8 23. Bb3 Kh7 24. Rf1 g4 25. Rf7 Rf8 26. Raf1 Rxf7 27. Rxf7 Kg6 28. Rf1 h5 29. a4 Be8 30. a5 Nd7 31. Bc4 Nf6 32. Bd3 Rd8 33. Rb1 c6 34. Rf1 Kf7 35. Bc4 Kg6 36. Rd1 cxd5 37. exd5 dxc5 38. bxc5 Bb5 39. Nxb5 axb5 40. Bb3 Ng5 41. Bxg5 Kxg5 42. c6 bxc6 43. dxc6 Rxd1 44. Bxd1 Nd5 45. Bb3 Nc7 46. Nf1 Bf8 47. Ne3 Bb4 48. Bc2 Bxa5 49. Be4 Kf6 50. Kf1 Bd2 51. Nd1 Bg5 52. Ke2 Ke6 53. Nf2 Bf6 54. Kd3 Kd6 55. Bg2 1/2-1/2

[Event "Regionalliga NW 1415"]
[Site "Bayern"]
[Date "2015.01.18"]
[Round "5.6"]
[White "Goetzel, Alfred"]
[Black "Wilfert, Andre"]
[Result "1-0"]
[WhiteElo "1709"]
[BlackElo "1988"]
[PlyCount "85"]
[EventDate "2014.10.19"]
[EventType "team-tourn"]
[EventRounds "9"]
[EventCountry "GER"]
[SourceTitle "EXT 2018"]
[Source "ChessBase"]
[SourceDate "2017.10.13"]
[SourceVersion "1"]
[SourceVersionDate "2017.10.13"]
[SourceQuality "1"]
[WhiteTeam "Hoechstadt/Aisch"]
[BlackTeam "Marktleuthen"]
[WhiteTeamCountry "GER"]
[BlackTeamCountry "GER"]

1. Nf3 Nf6 2. c4 g6 3. b4 Bg7 4. Bb2 d6 5. d4 0-0 6. g3 Bf5 7. Bg2 Nc6 8. a3 Ne4 9. 0-0 d5 10. cxd5 Qxd5 11. e3 Rad8 12. Nfd2 Qe6 13. Nxe4 Bxe4 14. Bxe4 Qxe4 15. Nc3 Qf5 16. e4 Qh3 17. Ne2 g5 18. Bc3 Rd6 19. f4 e5 20. fxe5 Nxe5 21. dxe5 Rxd1 22. Raxd1 Qg4 23. Nd4 Bxe5 24. Nf5 Qxd1 25. Ne7+ Kg7 26. Bxe5+ f6 27. Nf5+ Kf7 28. Rxd1 fxe5 29. Rd7+ Ke6 30. Re7+ Kf6 31. Rxc7 Rb8 32. Rxh7 Kg6 33. Rh6+ Kf7 34. Nd6+ Ke7 35. Rg6 b6 36. Nf5+ Kf7 37. Rxg5 a5 38. Nd6+ Kf6 39. Rf5+ Ke6 40. Nc4 axb4 41. axb4 b5 42. Rxe5+ Kf6 43. Rf5+ 1-0

[Event "Seebach op 23rd"]
[Site "Grossenseebach"]
[Date "2012.06.10"]
[Round "7"]
[White "Goetzel, Alfred"]
[Black "Rosin, Ralf"]
[Result "0-1"]
[WhiteElo "1755"]
[BlackElo "1963"]
[PlyCount "106"]
[EventDate "2012.06.07"]
[EventType "swiss"]
[EventRounds "7"]
[EventCountry "GER"]
[SourceTitle "EXT 2013"]
[Source "ChessBase"]
[SourceDate "2012.11.22"]
[SourceVersion "1"]
[SourceVersionDate "2012.11.22"]
[SourceQuality "1"]

1. d4 d5 2. Nc3 Nf6 3. f3 e6 4. e4 c5 5. Bg5 cxd4 6. Qxd4 Nc6 7. Bb5 Be7 8. 0-0-0 0-0 9. Bxc6 bxc6 10. e5 Nd7 11. Bxe7 Qxe7 12. f4 Bb7 13. Nf3 Rfc8 14. h4 c5 15. Qf2 Bc6 16. g4 Nb6 17. f5 d4 18. Ne2 Qb7 19. Rh3 Nc4 20. b3 Ne3 21. Rd2 Nxg4 22. Qg3 exf5 23. Qf4 Ne3 24. Ng3 Bxf3 25. Nxf5 Nxf5 26. Rxf3 Nh6 27. Rg2 Rc6 28. h5 Qe7 29. Rfg3 f5 30. exf6 Qxf6 31. Qe4 Rac8 32. Qd5+ Kh8 33. Qd7 R6c7 34. Qh3 Rf8 35. Rg5 Qf4+ 36. Kb2 c4 37. Qe6 c3+ 38. Ka3 Qf6 39. Qxf6 Rxf6 40. Rd5 Kg8 41. Rxd4 Rf3 42. Rd6 Nf5 43. Rd8+ Kf7 44. Rh8 h6 45. Rd8 Ke7 46. Rd5 Ke6 47. Rb5 Rd7 48. Kb4 Kf7 49. Rc5 Rd2 50. Rc7+ Kf8 51. Rg6 Ne7 52. Rxa7 Nxg6 53. hxg6 Rxc2 0-1

[Event "Seebach op 23rd"]
[Site "Grossenseebach"]
[Date "2012.06.08"]
[Round "4"]
[White "Schwarzmann, Tobias"]
[Black "Goetzel, Alfred"]
[Result "0-1"]
[WhiteElo "1985"]
[BlackElo "1755"]
[PlyCount "108"]
[EventDate "2012.06.07"]
[EventType "swiss"]
[EventRounds "7"]
[EventCountry "GER"]
[SourceTitle "EXT 2013"]
[Source "ChessBase"]
[SourceDate "2012.11.22"]
[SourceVersion "1"]
[SourceVersionDate "2012.11.22"]
[SourceQuality "1"]

1. d4 e5 2. dxe5 Nc6 3. Nf3 Nge7 4. e4 Ng6 5. Qd5 b6 6. Bc4 Qe7 7. Bg5 f6 8. exf6 gxf6 9. Bd2 Bb7 10. Bd3 0-0-0 11. Qf5 Nce5 12. 0-0 Nxf3+ 13. Qxf3 Rg8 14. g3 Ne5 15. Qe2 d5 16. f3 h5 17. Ba6 h4 18. Bxb7+ Kxb7 19. g4 d4 20. Kh1 h3 21. a4 Qd7 22. Na3 d3 23. cxd3 Qxd3 24. Qxd3 Rxd3 25. Bf4 Bd6 26. Nb5 Nxf3 27. Nxd6+ cxd6 28. Ra3 Rxa3 29. bxa3 Ne5 30. Rg1 Nxg4 31. Rg3 Nf2+ 32. Kg1 Rxg3+ 33. hxg3 Nxe4 34. Kh2 Kc6 35. Kxh3 Kd5 36. Kg2 f5 37. Kf3 Nc3 38. a5 bxa5 39. Bd2 Nb5 40. a4 Nd4+ 41. Kf4 Ke6 42. Be1 Nc6 43. Bf2 d5 44. g4 fxg4 45. Kxg4 d4 46. Kf3 Kd5 47. Ke2 Kc4 48. Kd2 Nb4 49. Bg1 a6 50. Bf2 Nd3 51. Bh4 Nb2 52. Bd8 Kb4 53. Kc2 Nxa4 54. Kd3 Nc5+ 0-1

[Event "Seebach op 23rd"]
[Site "Grossenseebach"]
[Date "2012.06.07"]
[Round "2"]
[White "Daumin, Jan"]
[Black "Goetzel, Alfred"]
[Result "0-1"]
[WhiteElo "1561"]
[BlackElo "1755"]
[PlyCount "46"]
[EventDate "2012.06.07"]
[EventType "swiss"]
[EventRounds "7"]
[EventCountry "GER"]
[SourceTitle "EXT 2013"]
[Source "ChessBase"]
[SourceDate "2012.11.22"]
[SourceVersion "1"]
[SourceVersionDate "2012.11.22"]
[SourceQuality "1"]

1. e4 Nf6 2. e5 Nd5 3. c4 Nb6 4. d4 d6 5. Nf3 g6 6. Nc3 Bg7 7. Bf4 0-0 8. c5 dxc5 9. dxc5 N6d7 10. Ne4 Nc6 11. Bb5 Ncxe5 12. Bxd7 Nxf3+ 13. Qxf3 Bxd7 14. 0-0-0 Qc8 15. Rd2 Bc6 16. Qe3 Qf5 17. Ng3 Qc8 18. Qxe7 Bxg2 19. Rg1 Bc6 20. Qxc7 Qe6 21. Qa5 Qc4+ 22. Kb1 Qxf4 23. Rgd1 Bf3 0-1

[Event "Seebach op 23rd"]
[Site "Grossenseebach"]
[Date "2012.06.07"]
[Round "1"]
[White "Goetzel, Alfred"]
[Black "Waltenberger, Udo"]
[Result "0-1"]
[WhiteElo "1755"]
[BlackElo "1992"]
[PlyCount "116"]
[EventDate "2012.06.07"]
[EventType "swiss"]
[EventRounds "7"]
[EventCountry "GER"]
[SourceTitle "EXT 2013"]
[Source "ChessBase"]
[SourceDate "2012.11.22"]
[SourceVersion "1"]
[SourceVersionDate "2012.11.22"]
[SourceQuality "1"]

1. d4 Nf6 2. Nc3 c5 3. Nf3 cxd4 4. Nxd4 Nc6 5. e4 g6 6. Be3 Bg7 7. Bc4 0-0 8. f3 Qb6 9. Bb3 Nxe4 10. Nf5 Nxc3 11. bxc3 Bxc3+ 12. Kf2 Qa5 13. Nh6+ Kg7 14. Rb1 e6 15. h4 d5 16. h5 d4 17. Bc1 g5 18. Ng4 h6 19. Qd3 Qf5 20. Qe2 f6 21. Bc4 Ne5 22. Nxe5 Qxe5 23. Qd3 f5 24. Rb5 Qf6 25. Ba3 Rd8 26. Rhb1 b6 27. R5b3 Bb7 28. Bc1 Bd5 29. Rb5 Bxc4 30. Qxc4 Rac8 31. Qe2 Re8 32. Ba3 e5 33. Rd5 Rcd8 34. Rxd8 Rxd8 35. Qa6 Rd7 36. Qc8 Rf7 37. Qe8 a6 38. Qb8 d3 39. cxd3 e4 40. Rd1 Qd4+ 41. Ke2 exf3+ 42. gxf3 g4 43. Rf1 b5 44. fxg4 Qxg4+ 45. Rf3 b4 46. Bc1 Re7+ 47. Be3 Rxe3+ 48. Kxe3 Bd4+ 49. Kd2 Qxf3 50. Qc7+ Kf6 51. Qd6+ Kg5 52. Qxd4 Qf4+ 53. Qe3 a5 54. d4 Qxe3+ 55. Kxe3 a4 56. Kd3 b3 57. axb3 axb3 58. Kc3 f4 0-1

[Event "Regionalliga NW 1011"]
[Site "Bayern"]
[Date "2011.02.06"]
[Round "6.5"]
[White "Goetzel, Alfred"]
[Black "Malzer, Werner"]
[Result "1-0"]
[WhiteElo "1777"]
[BlackElo "1949"]
[PlyCount "89"]
[EventDate "2010.10.10"]
[EventType "team-tourn"]
[EventRounds "9"]
[EventCountry "GER"]
[SourceTitle "EXT 2012"]
[Source "ChessBase"]
[SourceDate "2011.11.24"]
[SourceVersion "1"]
[SourceVersionDate "2011.11.24"]
[SourceQuality "1"]
[WhiteTeam "Hoechstadt/Aisch"]
[BlackTeam "Kirchenlaibach"]
[WhiteTeamCountry "GER"]
[BlackTeamCountry "GER"]

1. e4 c5 2. Nf3 e6 3. d3 Be7 4. g3 d6 5. Bg2 Nf6 6. 0-0 0-0 7. Re1 Nc6 8. c3 Qc7 9. Nbd2 b6 10. Nc4 Bb7 11. Qe2 Nd7 12. Bg5 Bxg5 13. Nxg5 h6 14. Nh3 b5 15. Ne3 Ne7 16. d4 a6 17. Nf4 Rae8 18. Nh5 Ng6 19. Qd2 Qd8 20. h4 Nf6 21. Nxf6+ Qxf6 22. e5 Qe7 23. exd6 Qd7 24. dxc5 Bxg2 25. Nxg2 Qc6 26. b4 f6 27. Rad1 Ne5 28. Rxe5 fxe5 29. Ne3 Qd7 30. Ng4 Rf5 31. Re1 e4 32. Rxe4 Rd5 33. Qe2 Qb7 34. Ne5 Rd1+ 35. Kh2 Qd5 36. Ng6 Rd2 37. Ne7+ Rxe7 38. dxe7 Kf7 39. e8Q+ Kxe8 40. Rxe6+ Kf7 41. Re7+ Kf6 42. Qe3 Rxf2+ 43. Qxf2+ Kxe7 44. Qe3+ Kf6 45. Qd4+ 1-0

[Event "Seebach op 19th"]
[Site "Grossenseebach"]
[Date "2008.05.24"]
[Round "6"]
[White "Goetzel, Alfred"]
[Black "Martin Fernandez, Rodrigo"]
[Result "0-1"]
[WhiteElo "1759"]
[BlackElo "2101"]
[PlyCount "88"]
[EventDate "2008.05.25"]
[EventType "swiss"]
[EventRounds "7"]
[EventCountry "GER"]
[SourceTitle "EXT 2018"]
[Source "ChessBase"]
[SourceDate "2017.10.13"]
[SourceVersion "1"]
[SourceVersionDate "2017.10.13"]
[SourceQuality "1"]

1. d4 Nf6 2. Nc3 c5 3. Nf3 cxd4 4. Nxd4 d5 5. g3 Nc6 6. Bg2 e5 7. Nb3 d4 8. Ne4 Nxe4 9. Bxe4 Bh3 10. Qd3 Qd7 11. Qb5 0-0-0 12. Nc5 Bxc5 13. Qxc5 Qd6 14. Qxd6 Rxd6 15. Bd2 f5 16. Bd3 Rhd8 17. 0-0-0 e4 18. Bc4 Ne5 19. Bb3 Ng4 20. Bf4 Nxf2 21. Bxd6 Rxd6 22. Bg8 h6 23. Bh7 Nxh1 24. Rxh1 Kd7 25. Kd2 Ke6 26. e3 Ke5 27. exd4+ Rxd4+ 28. Ke3 g5 29. Rg1 Rd7 30. Bg6 f4+ 31. gxf4+ gxf4+ 32. Ke2 Rg7 33. Kf2 Bf5 34. Bxf5 e3+ 35. Kf1 Rxg1+ 36. Kxg1 Kxf5 37. Kf1 Ke4 38. Ke2 f3+ 39. Ke1 Kd4 40. Kd1 Kc4 41. Ke1 b5 42. Kd1 b4 43. Ke1 a5 44. Kd1 a4 0-1

[Event "Regionalliga NW 0506"]
[Site "Bayern"]
[Date "2006.03.12"]
[Round "8.5"]
[White "Kraich, Klaus"]
[Black "Goetzel, Alfred"]
[Result "1-0"]
[WhiteElo "2084"]
[BlackElo "1735"]
[PlyCount "107"]
[EventDate "2005.10.23"]
[EventType "team-tourn"]
[EventRounds "9"]
[EventCountry "GER"]
[SourceTitle "EXT 2007"]
[Source "ChessBase"]
[SourceDate "2006.11.23"]
[SourceVersion "1"]
[SourceVersionDate "2006.11.23"]
[SourceQuality "1"]

1. d4 Nf6 2. Nf3 c5 3. d5 b5 4. c4 bxc4 5. Nc3 d6 6. e4 Nbd7 7. Bxc4 g6 8. 0-0 Bg7 9. Qc2 0-0 10. h3 Rb8 11. Bf4 Rb4 12. Nd2 Nh5 13. Bg5 Ne5 14. Be2 Nf6 15. f4 Ned7 16. Rab1 Qc7 17. a3 Rb8 18. Rfe1 h6 19. Bh4 Nb6 20. Kh2 Nh7 21. Nc4 Nxc4 22. Bxc4 Nf6 23. Qd3 Nh5 24. Qf3 e6 25. Kh1 e5 26. f5 Kh7 27. Ne2 Bf6 28. Bf2 Qe7 29. g4 Nf4 30. b3 Nxe2 31. Qxe2 Bg5 32. Rg1 Kg7 33. Rg2 a5 34. a4 Bd7 35. Rbg1 Rb4 36. Be1 Rbb8 37. Bxa5 Bf4 38. Bd2 g5 39. Bxf4 exf4 40. Qb2+ Kg8 41. Qa1 Rfe8 42. Re2 Rb4 43. Qc3 Qd8 44. Kg2 f6 45. h4 Kf7 46. Rh1 h5 47. hxg5 hxg4 48. g6+ Kg8 49. Kf1 Qe7 50. Reh2 Qg7 51. Rh8+ Qxh8 52. Rxh8+ Kg7 53. Rh7+ Kg8 54. Qxf6 1-0

[Event "Regionalliga NW 0506"]
[Site "Bayern"]
[Date "2006.02.19"]
[Round "7.5"]
[White "Goetzel, Alfred"]
[Black "Nuernberger, Stefan"]
[Result "0-1"]
[WhiteElo "1736"]
[BlackElo "1970"]
[PlyCount "100"]
[EventDate "2005.10.23"]
[EventType "team-tourn"]
[EventRounds "9"]
[EventCountry "GER"]
[SourceTitle "EXT 2007"]
[Source "ChessBase"]
[SourceDate "2006.11.23"]
[SourceVersion "1"]
[SourceVersionDate "2006.11.23"]
[SourceQuality "1"]

1. e4 d6 2. d4 Nf6 3. Nc3 g6 4. Bc4 Bg7 5. Qe2 Nc6 6. e5 Nxd4 7. exf6 Nxe2 8. fxg7 Rg8 9. Ngxe2 Rxg7 10. Bh6 Rg8 11. Bg5 c6 12. 0-0-0 Qa5 13. h4 d5 14. Bb3 f6 15. Be3 Be6 16. Nd4 Bf7 17. Rhe1 e5 18. Bd2 Qc7 19. Nf3 0-0-0 20. a3 Rge8 21. Kb1 Rd7 22. Bh6 Bg8 23. g3 Red8 24. Na4 b6 25. Nc3 Kb7 26. Rd2 Be6 27. Ng1 Bf7 28. Bg7 Rd6 29. Bh6 Bg8 30. Nf3 a6 31. Rde2 c5 32. Nxe5 fxe5 33. Rxe5 c4 34. Ba4 b5 35. Bxb5 axb5 36. Nxb5 Qc6 37. Nxd6+ Rxd6 38. Re7+ Rd7 39. Re8 Bf7 40. R8e7 Qd6 41. Bg5 Kc6 42. R7e3 d4 43. Rf3 Kb7 44. Rf6 Qc5 45. Rf3 Bd5 46. Rf4 c3 47. Bf6 Qb5 48. b4 Qc4 49. Bxd4 Qa2+ 50. Kc1 Qa1# 0-1

[Event "Regionalliga NW 0506"]
[Site "Bayern"]
[Date "2006.01.29"]
[Round "6.5"]
[White "Meier, Andreas"]
[Black "Goetzel, Alfred"]
[Result "1-0"]
[WhiteElo "1809"]
[BlackElo "1750"]
[PlyCount "41"]
[EventDate "2005.10.23"]
[EventType "team-tourn"]
[EventRounds "9"]
[EventCountry "GER"]
[SourceTitle "EXT 2007"]
[Source "ChessBase"]
[SourceDate "2006.11.23"]
[SourceVersion "1"]
[SourceVersionDate "2006.11.23"]
[SourceQuality "1"]

1. e4 e5 2. Bc4 c6 3. Nf3 f6 4. Nc3 d6 5. d4 Qe7 6. 0-0 Be6 7. Qe2 Nd7 8. Be3 g6 9. Bxe6 Qxe6 10. d5 Qf7 11. dxc6 bxc6 12. Qa6 Ne7 13. Rfd1 d5 14. exd5 cxd5 15. Nb5 Kd8 16. Qa5+ Nb6 17. Bxb6+ Kd7 18. Bc5 a6 19. Qc7+ Ke6 20. Qb6+ Kd7 21. Qd6+ 1-0

[Event "Regionalliga NW 0506"]
[Site "Bayern"]
[Date "2006.01.15"]
[Round "5.3"]
[White "Kunz, Konstantin"]
[Black "Goetzel, Alfred"]
[Result "1-0"]
[WhiteElo "2129"]
[BlackElo "1750"]
[PlyCount "41"]
[EventDate "2005.10.23"]
[EventType "team-tourn"]
[EventRounds "9"]
[EventCountry "GER"]
[SourceTitle "EXT 2007"]
[Source "ChessBase"]
[SourceDate "2006.11.23"]
[SourceVersion "1"]
[SourceVersionDate "2006.11.23"]
[SourceQuality "1"]

1. d4 Nf6 2. c4 Nc6 3. Nf3 e6 4. Bf4 Bb4+ 5. Nbd2 d6 6. a3 Bxd2+ 7. Qxd2 0-0 8. e3 Ne4 9. Qc2 f5 10. Bd3 g5 11. Bxe4 gxf4 12. Bxc6 bxc6 13. exf4 c5 14. dxc5 e5 15. 0-0-0 Qf6 16. cxd6 cxd6 17. fxe5 dxe5 18. Qc3 Qh6+ 19. Kb1 e4 20. Nd4 Rb8 21. Qg3+ 1-0

[Event "Seebach op 14th"]
[Site "Grossenseebach"]
[Date "2003.06.21"]
[Round "5"]
[White "Goetzel, Alfred"]
[Black "Seyb, Alexander"]
[Result "1/2-1/2"]
[WhiteElo "1814"]
[BlackElo "1851"]
[PlyCount "132"]
[EventDate "2003.06.19"]
[EventType "swiss"]
[EventRounds "7"]
[EventCountry "GER"]
[SourceTitle "EXT 2018"]
[Source "ChessBase"]
[SourceDate "2017.10.13"]
[SourceVersion "1"]
[SourceVersionDate "2017.10.13"]
[SourceQuality "1"]

1. e4 c5 2. Nf3 e6 3. Nc3 Nc6 4. d4 cxd4 5. Nxd4 Nf6 6. Ndb5 d6 7. Bf4 e5 8. Bg5 a6 9. Bxf6 gxf6 10. Na3 b5 11. Nd5 Bg7 12. Bd3 0-0 13. 0-0 Be6 14. c4 bxc4 15. Nxc4 Nd4 16. Nce3 Qa5 17. b4 Qd8 18. Rc1 Rc8 19. Bxa6 Rxc1 20. Qxc1 f5 21. exf5 Nxf5 22. Bd3 Bh6 23. Qc2 Nd4 24. Bxh7+ Kh8 25. Qd3 f5 26. Bxf5 Nxf5 27. a4 Qg5 28. a5 Nd4 29. f4 Qh5 30. Ne7 Ne2+ 31. Kh1 Kg7 32. Qxd6 Bxf4 33. Rxf4 Nxf4 34. g4 Qg5 35. N7f5+ Bxf5 36. Qxe5+ Kg8 37. Nxf5 Nh3 38. Qe6+ Kh7 39. Qd7+ Kh8 40. Qd4+ Qf6 41. a6 Qxd4 42. Nxd4 Ra8 43. b5 Nf4 44. Nc6 Nd5 45. a7 Nb6 46. Kg2 Re8 47. Kf3 Kg7 48. Kf4 Re2 49. h4 Kf6 50. g5+ Kg6 51. Ne5+ Kh5 52. Nc4 Na8 53. b6 Re7 54. Kf5 Kxh4 55. Kf6 Rb7 56. g6 Nxb6 57. g7 Nd5+ 58. Ke5 Rxg7 59. a8Q Rg5+ 60. Kd4 Nf4 61. Qf3 Rg3 62. Qb7 Ne6+ 63. Ke5 Ng5 64. Nd6 Re3+ 65. Kf6 Re6+ 66. Kf5 Re3 1/2-1/2

[Event "Seebach op 14th"]
[Site "Grossenseebach"]
[Date "2003.06.21"]
[Round "6"]
[White "Lange, Carsten"]
[Black "Goetzel, Alfred"]
[Result "1-0"]
[WhiteElo "1956"]
[BlackElo "1814"]
[PlyCount "61"]
[EventDate "2003.06.19"]
[EventType "swiss"]
[EventRounds "7"]
[EventCountry "GER"]
[SourceTitle "EXT 2018"]
[Source "ChessBase"]
[SourceDate "2017.10.13"]
[SourceVersion "1"]
[SourceVersionDate "2017.10.13"]
[SourceQuality "1"]

1. c4 Nf6 2. Nf3 g6 3. g3 Bg7 4. Bg2 0-0 5. 0-0 c6 6. d3 d5 7. Nbd2 Re8 8. Rb1 e5 9. e4 Na6 10. b4 Nc7 11. Bb2 Ng4 12. h3 Nh6 13. cxd5 cxd5 14. Qc2 Bd7 15. Rfc1 Rc8 16. Qb3 Bc6 17. h4 f5 18. d4 Nf7 19. exf5 e4 20. fxg6 hxg6 21. Ne5 Nxe5 22. dxe5 Bxe5 23. Nxe4 Bxb2 24. Rxb2 Ne6 25. Rd2 Qe7 26. Nc5 Rcd8 27. Nxe6 Qxe6 28. b5 d4 29. Qxe6+ Rxe6 30. bxc6 bxc6 31. Rxc6 1-0

[Event "Pyramiden Franken Cup 4th"]
[Site "Fuerth"]
[Date "2001.08.24"]
[Round "7"]
[White "Hefter, Franz"]
[Black "Goetzel, Alfred"]
[Result "1/2-1/2"]
[WhiteElo "1920"]
[BlackElo "1710"]
[PlyCount "79"]
[EventDate "2001.08.18"]
[EventType "swiss"]
[EventRounds "9"]
[EventCountry "GER"]
[SourceTitle "EXT 2010"]
[Source "ChessBase"]
[SourceDate "2010.11.25"]
[SourceVersion "1"]
[SourceVersionDate "2010.11.25"]
[SourceQuality "1"]

1. d4 Nf6 2. c4 c5 3. d5 b5 4. a4 bxc4 5. Nc3 g6 6. e4 d6 7. Bxc4 Nbd7 8. f4 a5 9. Nf3 Nb6 10. Bb5+ Bd7 11. Bd3 Bg7 12. h3 0-0 13. 0-0 e6 14. dxe6 fxe6 15. f5 exf5 16. Ng5 c4 17. Bc2 Nxe4 18. Ncxe4 fxe4 19. Rxf8+ Qxf8 20. Bxe4 Be5 21. Be3 Rb8 22. Bd5+ Kg7 23. Nf7 g5 24. Bxg5 Kg6 25. Nxe5+ dxe5 26. h4 Qc5+ 27. Kh1 Qxd5 28. Qe2 Bf5 29. Rd1 Bd3 30. Qe3 e4 31. Rd2 h5 32. Rf2 Nd7 33. Qa7 Rb7 34. Qa8 e3 35. Qe8+ Kg7 36. Qe7+ Kg6 37. Qe8+ Kg7 38. Qe7+ Kg6 39. Qe8+ Kg7 40. Qe7+ 1/2-1/2

[Event "Pyramiden Franken Cup 4th"]
[Site "Fuerth"]
[Date "2001.08.18"]
[Round "1"]
[White "Goetzel, Alfred"]
[Black "Berreth, Marc"]
[Result "0-1"]
[WhiteElo "1710"]
[BlackElo "2140"]
[PlyCount "72"]
[EventDate "2001.08.18"]
[EventType "swiss"]
[EventRounds "9"]
[EventCountry "GER"]
[SourceTitle "EXT 2010"]
[Source "ChessBase"]
[SourceDate "2010.11.25"]
[SourceVersion "1"]
[SourceVersionDate "2010.11.25"]
[SourceQuality "1"]

1. e4 e6 2. d4 d5 3. Nc3 Bb4 4. Bd2 dxe4 5. Qg4 Nf6 6. Qxg7 Rg8 7. Qh6 Rg6 8. Qh4 Qxd4 9. 0-0-0 Nbd7 10. Be3 Qe5 11. Nb5 Rg4 12. Qh3 c6 13. Be2 Rg6 14. Bd4 Qb8 15. Nc3 c5 16. Bxf6 Nxf6 17. Bb5+ Ke7 18. Nge2 a6 19. Ba4 b5 20. Bb3 c4 21. Nd4 Bb7 22. a3 Bxc3 23. Qxc3 cxb3 24. Qb4+ Ke8 25. Nxb3 Bd5 26. Nd4 Qf4+ 27. Kb1 Rxg2 28. a4 bxa4 29. Qxa4+ Kf8 30. Qb4+ Kg7 31. Qc3 Rxf2 32. Rdg1+ Kh8 33. Nb3 e3 34. Rg3 Bxh1 35. Rxe3 Rf1+ 36. Ka2 Qa4# 0-1